00733cam a22002174a 450000500170000002000330001704000330005008200150008310000200009824500380011825000120015626000450016830000260021350400190023952001790025854600090043765000190044665000160046565000150048170000190049620251007095347.0 a9780421958708cTZS 23,000 /= aMCCLbeng.eAACR 2nd rev.ed. a344.01 BEL aBell, Andrew C.10aEmployment law c/ Bell,Andrew C. a3rd ed. aLondon :bSweet and Maxwell . ;cc 2007. axvii,175 p. :c21 cm. aInclude index. aThis work offers a fresh approach to the law governing employment relations, emphasising the contemporary policy themes of social inclusion, competitiveness, and human rights aeng. 0aDiscrimination 0aTrade union 0aEmployment aBell, Andrew C